Movies Quiz

Random Movies or Clickable Quiz

Click the Flick Quiz Stats

 Plays Quiz Updated Oct 3, 2018

Challenge
Share
Tweet
Embed
Score 0/25 Timer 08:00
1 Play Today
% Correct
The Matrix
84.8%
Schindler's List
82.3%
Back to the Future
81.5%
Raiders of the Lost Ark
80.6%
The Usual Suspects
78.8%
The Godfather
78.2%
The Great Escape
76.1%
Taxi Driver
74%
The Shining
64.9%
The Exorcist
58.9%
Star Wars
56.6%
Forrest Gump
54.2%
Some Like It Hot
50.3%
% Correct
The Shawshank Redemption
48.4%
Alien
48.4%
A Clockwork Orange
45.9%
Cool Hand Luke
45.6%
Jaws
42.9%
Pulp Fiction
37.9%
Scarface
36.1%
Goodfellas
36%
The Maltese Falcon
32.1%
Casablanca
29.9%
Psycho
27.4%
Chinatown
22.2%

You're not logged in!

Compare scores with friends on all Sporcle quizzes.
OR
Log In

You Might Also Like...

Show Comments

Extras

Top Quizzes Today


Score Distribution

Your Account Isn't Verified!

In order to create a playlist on Sporcle, you need to verify the email address you used during registration. Go to your Sporcle Settings to finish the process.

Report this User

Report this user for behavior that violates our Community Guidelines.

Details: